| 000 | 00731cab a2200217 4500 | ||
|---|---|---|---|
| 001 | ABS41053 | ||
| 008 | 090401t1989 xxu||||| |||| 00| 0 eng d | ||
| 035 | _a(Sirsi) u27878 | ||
| 041 | _aeng | ||
| 100 | _aLane, R. | ||
| 245 | _aGreen paper heralds the new era for private roads | ||
| 260 | _c1989 | ||
| 350 | _a0 | ||
| 490 |
_aPlanning (for the Natural and Built Environment) _v(822) 9 June 1989, 16(1) |
||
| 520 | _aReview of the Government Green Paper on how private finance might be used for funding new roads, both from developers and via toll roads . | ||
| 650 | _aHIGHWAYS ACT 1980 S278 | ||
| 650 | _aSECTION 52 AGREEMENTS | ||
| 690 | _aHIGHWAYS RIGHTS OF WAY AND EASEMENTS | ||
| 942 | _n0 | ||
| 948 | _c04/03/1997 | ||
| 999 |
_c18791 _d18791 |
||